Discrete chaos : (Record no. 592457)
[ view plain ]
| 000 -LEADER | |
|---|---|
| fixed length control field | 01232cam a2200265 a 4500 |
| 001 - CONTROL NUMBER | |
| control field | 14969489 |
| 005 - DATE AND TIME OF LATEST TRANSACTION | |
| control field | 20221121153014.0 |
| 008 - FIXED-LENGTH DATA ELEMENTS--GENERAL INFORMATION | |
| fixed length control field | 070816s2008 flua b 001 0 eng |
| 010 ## - LIBRARY OF CONGRESS CONTROL NUMBER | |
| LC control number | 2007034217 |
| 020 ## - INTERNATIONAL STANDARD BOOK NUMBER | |
| International Standard Book Number | 9781584885924 (alk. paper) |
| 040 ## - CATALOGING SOURCE | |
| Original cataloging agency | DLC |
| Transcribing agency | DLC |
| Modifying agency | DLC |
| 050 00 - LIBRARY OF CONGRESS CALL NUMBER | |
| Classification number | QA614.8 |
| Item number | .E53 2008 |
| 082 00 - DEWEY DECIMAL CLASSIFICATION NUMBER | |
| Classification number | 515.39,ELA |
| Edition number | 22 |
| 100 1# - MAIN ENTRY--PERSONAL NAME | |
| Personal name | Elaydi, Saber, |
| Dates associated with a name | 1943- |
| 9 (RLIN) | 103287 |
| 245 10 - TITLE STATEMENT | |
| Title | Discrete chaos : |
| Remainder of title | with applications in science and engineering / |
| Statement of responsibility, etc. | Saber N. Elaydi. |
| 250 ## - EDITION STATEMENT | |
| Edition statement | 2nd ed. |
| 260 ## - PUBLICATION, DISTRIBUTION, ETC. | |
| Place of publication, distribution, etc. | Boca Raton : |
| Name of publisher, distributor, etc. | Chapman & Hall/CRC, |
| Date of publication, distribution, etc. | c2008. |
| 300 ## - PHYSICAL DESCRIPTION | |
| Extent | xx, 419 p. : |
| Other physical details | ill. ; |
| Dimensions | 25 cm. + |
| Accompanying material | 1 CD-ROM (4 3/4 in.) |
| 505 ## - FORMATTED CONTENTS NOTE | |
| Formatted contents note | The Stability of One-Dimensional Maps (Page-1), Attraction and Bifurcation (Page-61), Chaos in one Dimension (Page-119), Stability of Tow-Dimensional Maps (Page-171), Bifurcation and Chaos in two Dimensions (Page-241), Fractals (Page-289), The Julia and Mandelbrot Sets (Page-341), Bibliography (Page-389). |
| 650 #0 - SUBJECT ADDED ENTRY--TOPICAL TERM | |
| Topical term or geographic name entry element | Differentiable dynamical systems. |
| 9 (RLIN) | 1713 |
| 650 #0 - SUBJECT ADDED ENTRY--TOPICAL TERM | |
| Topical term or geographic name entry element | Difference equations. |
| 9 (RLIN) | 11012 |
| 650 #0 - SUBJECT ADDED ENTRY--TOPICAL TERM | |
| Topical term or geographic name entry element | Chaotic behavior in systems. |
| 9 (RLIN) | 27016 |
| 856 41 - ELECTRONIC LOCATION AND ACCESS | |
| Materials specified | Table of contents only |
| Uniform Resource Identifier | <a href="http://www.loc.gov/catdir/toc/ecip0725/2007034217.html">http://www.loc.gov/catdir/toc/ecip0725/2007034217.html</a> |
| 942 ## - ADDED ENTRY ELEMENTS (KOHA) | |
| Source of classification or shelving scheme | |
| Koha item type | Book |
| Call number prefix | 515.39,ELA |
| Withdrawn status | Lost status | Source of classification or shelving scheme | Damaged status | Not for loan | Permanent Location | Current Location | Shelving location | Date acquired | Total Checkouts | Full call number | Barcode | Date last seen | Price effective from | Koha item type | Public note |
|---|---|---|---|---|---|---|---|---|---|---|---|---|---|---|---|
| Military College of Signals (MCS) | Military College of Signals (MCS) | General Stacks | 11/21/2022 | 515.39,ELA | MCS34468 | 11/21/2022 | 11/21/2022 | Book | Almirah No.13, Shelf No.5 |
